| 000 | 00630nam a22002057a 4500 | ||
|---|---|---|---|
| 005 | 20241010123850.0 | ||
| 010 | _aENG-142025 | ||
| 020 | _c160.00 | ||
| 035 | _aEN-125557 | ||
| 037 | _bDBAD | ||
| 082 | _a230.2 | ||
| 245 | _aBrahma sutras/ | ||
| 260 |
_aMadurai Tamil Nadu _bSri Vasanthasai Books & Publications Trust |
||
| 270 |
_bMadurai Tamil Nadu _aMukhi Nilayam Royapalayam Village, B.O. Virudhunagar Road _e625706 |
||
| 300 |
_a235p. _c21cm(Pb) |
||
| 500 | _aIncludes index | ||
| 650 |
_aHindu philosophy _972563 |
||
| 650 |
_aBrahmasūtra (Bādarāyaṇa) _972564 |
||
| 942 |
_2ddc _cEN _h230.2 _mBRA |
||
| 999 |
_c206247 _d206247 |
||